| 000 | 01834cam a22004814i 4500 | ||
|---|---|---|---|
| 003 | PE-LiUPU | ||
| 005 | 20250731165509.0 | ||
| 008 | 180119s2016 sp b ra 001 0 spa d | ||
| 020 | _a9788490520277 | ||
| 035 | _a(Sirsi) a241074 | ||
| 040 |
_aPE-LiUPU _bspa _cPE-LiUPU _erda |
||
| 049 | _aPRUA | ||
| 082 | 0 | 4 |
_a005.43 _bG22 _220 |
| 100 | 1 |
_aGarcía Vaca, Isidoro G, _eautor. |
|
| 245 | 1 | 0 |
_aAnatomía de sistemas : su análisis y su apoyo / _cIsidoro G. García Vaca. |
| 264 |
_aEspaña : _bDiaz de santos, _c2016. |
||
| 300 |
_a244 páginas : _bilustraciones; _c24 centímetros |
||
| 504 | _aBibliografía : páginas 243-244. | ||
| 505 | 0 | _aLos sistemas -- Configuración de sistemas -- Disponibilidad -- Fiabilidad -- Mantenibilidad -- Soportabilidad -- Seguridad -- Ciclo RAMSS -- Apolo logístico integrado (ALI) -- Análisis de apoyo logístico -- Mantenimiento -- Estrategias de mantenimiento -- Plan de mantenimiento -- Costes de mantenimiento -- Bibliografía. | |
| 526 | _aSEG44 | ||
| 526 | _aSEG26 | ||
| 526 | _aP151 | ||
| 526 | _aP150 | ||
| 526 | _aP149 | ||
| 526 | _aP146 | ||
| 526 | _aP145 | ||
| 526 | _aP126 | ||
| 526 | _aP125 | ||
| 526 | _aP92 | ||
| 526 | _aP75 | ||
| 526 | _aP74 | ||
| 526 | _aP27 | ||
| 526 | _aP15 | ||
| 541 | _g0001-0042355; | ||
| 650 | _aSistemas operacionales (Computadores). | ||
| 650 | 1 | 4 | _aAnálisis de sistemas. |
| 650 | 2 | 4 | _aTeoría de sistemas. |
| 910 |
_adbm _bmarg _cmarg _d20180119 |
||
| 942 |
_2ddc _cBOOK |
||
| 994 |
_aC0 _bPEPRU |
||
| 596 | _a1 | ||
| 999 |
_a005.43 G22 _wDEWEY _c26716 _i78184 _d26716 _e2018-9-28 _f2021-11-9 _g4 _lCCODEBUL1 _mBUL _n2 _p32.34 _r0 _sY _tBOOK _u2018-1-19 _xINGENIERIA _PP27 _0COMPRA _o.STAFF. Colección Ingeniería y Arquitectura |
||
| 980 |
_81 _gALBERTO SANCHEZ Responsable de Automatización |
||